| 000 | 00414nam a2200157 i 4500 | ||
|---|---|---|---|
| 001 | bg | ||
| 100 | 1 | _aBOGUSZ, Zbigniew | |
| 245 | 0 |
_aDynamika mechanizmu obrotu koparek hydraulicznych / _cZbigniew Bogusz, Andrzej Serwach. |
|
| 260 |
_aWarszawa, _c1976. |
||
| 700 | 1 | _aSERWACH, Andrzej | |
| 040 | _cBPK | ||
| 041 | _apol | ||
| 080 | _a621.879:62-82 | ||
| 942 | _cKS | ||
| 008 | s pl f |000 0 pol | ||
| 999 |
_c17011 _d17011 |
||
| 856 |
_uhttp://koha.tu.koszalin.pl/cgi-bin/koha/opac-detail.pl?biblionumber=17011 _yKatalog online BPK |
||